000 00814nmc a2200277 a 4500
003 AR-BaBNM
005 20251128211808.0
008 176020s2004 ||||||||||||||000 | spa||
020 _a84-7774-147-6
040 _cAR-BaBNM
100 1 _aBarberà, Elena
245 1 0 _aEducar con aulas virtuales
_borientaciones para la innovación en el proceso de enseñanza y aprendizaje
260 _aMadrid
_bMachado Libros
_c2004
300 0 _a197 p.
490 0 _aAprendizaje
_vv. 147
504 _aContiene referencias bibliográficas
650 4 _aTECNOLOGIA EDUCATIVA
650 4 _aROL DEL DOCENTE
650 4 _aMATERIAL DIDACTICO
653 0 _aEDUCACION VIRTUAL
653 0 _aEDUCACION A DISTANCIA
653 0 _aESTRATEGIAS DIDACTICAS
700 1 _aBadia, Antoni
942 _cBK
998 _cme-solo cat
999 _c21150
_d21150